[Event "MVP-ch Seniors op 11th"]
[Site "Binz"]
[Date "2011.12.06"]
[Round "7.58"]
[White "Simon, Eberhard"]
[Black "Briesemeister, Klaus"]
[Result "1/2-1/2"]
[WhiteElo "1632"]
[BlackElo "1567"]
[PlyCount "36"]
[EventDate "2011.11.30"]
[EventType "swiss"]
[EventRounds "9"]
[EventCountry "GER"]
[SourceTitle "EXT 2013"]
[Source "ChessBase"]
[SourceDate "2012.11.22"]
[SourceVersion "1"]
[SourceVersionDate "2012.11.22"]
[SourceQuality "1"]

1. e4 c6 2. d4 d5 3. Nd2 dxe4 4. Nxe4 Nf6 5. Nxf6+ exf6 6. c3 Bd6 7. Bd3 0-0 8. Qc2 Re8+ 9. Be3 g6 10. 0-0-0 b5 11. h4 Bg4 12. Rf1 Qc7 13. Qd2 f5 14. Bh6 Nd7 15. f3 Bh5 16. Nh3 Nb6 17. Bf4 Nd5 18. Bxd6 Qxd6 1/2-1/2

[Event "Hessen-ch Seniors op 07th"]
[Site "Bad Sooden-Allendorf"]
[Date "2011.05.08"]
[Round "9"]
[White "Viererbe, Hartmut"]
[Black "Simon, Eberhard"]
[Result "1/2-1/2"]
[WhiteElo "1648"]
[BlackElo "1743"]
[PlyCount "23"]
[EventDate "2011.04.30"]
[EventType "swiss"]
[EventRounds "9"]
[EventCountry "GER"]
[SourceTitle "EXT 2012"]
[Source "ChessBase"]
[SourceDate "2011.11.24"]
[SourceVersion "1"]
[SourceVersionDate "2011.11.24"]
[SourceQuality "1"]

1. Nf3 c6 2. c4 Nf6 3. e3 d5 4. b3 e6 5. Bb2 Nbd7 6. Qc2 Be7 7. Bd3 0-0 8. Nc3 Qc7 9. Ng5 h6 10. Nh7 Nxh7 11. Bxh7+ Kh8 12. Bd3 1/2-1/2

[Event "Hessen-ch Seniors op 07th"]
[Site "Bad Sooden-Allendorf"]
[Date "2011.05.05"]
[Round "6"]
[White "Simon, Eberhard"]
[Black "Peleikis, Horst"]
[Result "0-1"]
[WhiteElo "1743"]
[BlackElo "1921"]
[PlyCount "59"]
[EventDate "2011.04.30"]
[EventType "swiss"]
[EventRounds "9"]
[EventCountry "GER"]
[SourceTitle "EXT 2012"]
[Source "ChessBase"]
[SourceDate "2011.11.24"]
[SourceVersion "1"]
[SourceVersionDate "2011.11.24"]
[SourceQuality "1"]

1. e4 c5 2. Nc3 Nc6 3. f4 g6 4. Bc4 e6 5. Nf3 Bg7 6. 0-0 Nge7 7. a3 d5 8. exd5 exd5 9. Bb5 0-0 10. d3 a6 11. Bxc6 Nxc6 12. Qe1 Nd4 13. Nxd4 Bxd4+ 14. Kh1 Re8 15. Qg3 b5 16. f5 Bb7 17. fxg6 hxg6 18. Bg5 Qd7 19. Rf3 Re6 20. Raf1 Rae8 21. Qh4 f5 22. Bh6 Qh7 23. Rh3 Qf7 24. Bg5 Bc6 25. Nd1 Re2 26. c3 Bg7 27. Qh7+ Kf8 28. Bh6 Bxh6 29. Qxh6+ Qg7 30. Qf4 0-1

[Event "Niedersachsen-ch Seniors op 11th"]
[Site "Bad Bevensen"]
[Date "2008.07.16"]
[Round "9"]
[White "Simon, Eberhard"]
[Black "Zoll, Theobald"]
[Result "1-0"]
[WhiteElo "1706"]
[BlackElo "1513"]
[PlyCount "60"]
[EventDate "2008.07.08"]
[EventType "swiss"]
[EventRounds "9"]
[EventCountry "GER"]
[SourceTitle "EXT 2022"]
[Source "ChessBase"]
[SourceDate "2021.10.06"]
[SourceVersion "1"]
[SourceVersionDate "2021.10.06"]
[SourceQuality "1"]

1. e4 c5 2. Nc3 e6 3. f4 Nc6 4. Nf3 d5 5. exd5 exd5 6. Bb5 Nf6 7. 0-0 Be7 8. Ne5 Bd7 9. Bxc6 Bxc6 10. d4 0-0 11. Be3 Qb6 12. Qd2 Rad8 13. Rad1 cxd4 14. Bxd4 Bc5 15. Kh1 Bxd4 16. Qxd4 Qxd4 17. Rxd4 Rd6 18. Rfd1 Rfd8 19. Kg1 Kf8 20. Kf2 Ke7 21. Re1 Kf8 22. Red1 Ke7 23. R1d2 h5 24. h3 Bd7 25. Nc4 Re6 26. Nxd5+ Nxd5 27. Rxd5 f6 28. Nd6 Rxd6 29. Rxd6 h4 30. c4 b6 1-0

[Event "Niedersachsen-ch Seniors op 11th"]
[Site "Bad Bevensen"]
[Date "2008.07.13"]
[Round "6"]
[White "Bendisch, Juergen"]
[Black "Simon, Eberhard"]
[Result "1-0"]
[WhiteElo "1796"]
[BlackElo "1706"]
[PlyCount "45"]
[EventDate "2008.07.08"]
[EventType "swiss"]
[EventRounds "9"]
[EventCountry "GER"]
[SourceTitle "EXT 2022"]
[Source "ChessBase"]
[SourceDate "2021.10.06"]
[SourceVersion "1"]
[SourceVersionDate "2021.10.06"]
[SourceQuality "1"]

1. d4 Nf6 2. c4 e5 3. dxe5 Ng4 4. Bf4 Nc6 5. Nf3 Bb4+ 6. Nbd2 Qe7 7. a3 Ngxe5 8. Nxe5 Nxe5 9. e3 Bxd2+ 10. Qxd2 d6 11. Be2 0-0 12. 0-0 Be6 13. Rac1 Nd7 14. f3 g5 15. Bg3 f5 16. b4 Qf7 17. Bf2 Ne5 18. Qc3 Ng6 19. c5 dxc5 20. Qxc5 c6 21. Rfd1 h5 22. Rd6 g4 23. Rxe6 1-0

[Event "Niedersachsen-ch Seniors op 11th"]
[Site "Bad Bevensen"]
[Date "2008.07.12"]
[Round "5"]
[White "Simon, Eberhard"]
[Black "Hippler, Hans Werner"]
[Result "1-0"]
[WhiteElo "1706"]
[BlackElo "1472"]
[PlyCount "48"]
[EventDate "2008.07.08"]
[EventType "swiss"]
[EventRounds "9"]
[EventCountry "GER"]
[SourceTitle "EXT 2022"]
[Source "ChessBase"]
[SourceDate "2021.10.06"]
[SourceVersion "1"]
[SourceVersionDate "2021.10.06"]
[SourceQuality "1"]

1. e4 e5 2. Nf3 d6 3. d4 exd4 4. Nxd4 Bd7 5. Bc4 Nc6 6. 0-0 Be7 7. Nc3 Nf6 8. Re1 Ne5 9. Bb3 0-0 10. Nd5 c6 11. Nxe7+ Qxe7 12. c3 c5 13. Nf5 Bxf5 14. exf5 Qd7 15. Bc2 Qc7 16. Bg5 Nfd7 17. Be7 Rfe8 18. Bxd6 Qc8 19. Qd5 Qc6 20. Qxc6 Nxc6 21. Rad1 b6 22. Be4 Rac8 23. Bxc6 Rxe1+ 24. Rxe1 Nf6 1-0

[Event "Zehlendorf op"]
[Site "Berlin"]
[Date "2007.11.29"]
[Round "7"]
[White "Simon, Eberhard"]
[Black "Von Jutrzenka, Robert"]
[Result "1/2-1/2"]
[WhiteElo "1732"]
[BlackElo "1782"]
[PlyCount "21"]
[EventDate "2007.10.11"]
[EventType "swiss"]
[EventRounds "7"]
[EventCountry "GER"]
[SourceTitle "EXT 2010"]
[Source "ChessBase"]
[SourceDate "2010.11.25"]
[SourceVersion "1"]
[SourceVersionDate "2010.11.25"]
[SourceQuality "1"]

1. e4 c6 2. d4 d5 3. Nd2 dxe4 4. Nxe4 Bf5 5. Ng3 Bg6 6. Nf3 Nd7 7. Bd3 Bxd3 8. Qxd3 e6 9. 0-0 Ngf6 10. Re1 Be7 11. Bd2 1/2-1/2

[Event "Zehlendorf op"]
[Site "Berlin"]
[Date "2007.11.19"]
[Round "5"]
[White "Simon, Eberhard"]
[Black "Steppan, Siegfried"]
[Result "1/2-1/2"]
[WhiteElo "1732"]
[BlackElo "1508"]
[PlyCount "38"]
[EventDate "2007.10.11"]
[EventType "swiss"]
[EventRounds "7"]
[EventCountry "GER"]
[SourceTitle "EXT 2010"]
[Source "ChessBase"]
[SourceDate "2010.11.25"]
[SourceVersion "1"]
[SourceVersionDate "2010.11.25"]
[SourceQuality "1"]

1. e4 c6 2. Nc3 d5 3. Nf3 Bg4 4. h3 Bh5 5. exd5 cxd5 6. Bb5+ Nc6 7. d4 e6 8. Bf4 Bb4 9. 0-0 Nge7 10. Qd3 Bg6 11. Qe2 0-0 12. Rad1 a6 13. Bd3 Bxd3 14. Qxd3 Ng6 15. Bg3 Bd6 16. Ng5 Bxg3 17. Qxg3 Qb6 18. Qd3 h6 19. Nf3 Qc7 1/2-1/2

[Event "GER-ch Seniors Gp-A 19th"]
[Site "Templin"]
[Date "2007.08.29"]
[Round "7"]
[White "Simon, Eberhard"]
[Black "Pfueller, Volker"]
[Result "1/2-1/2"]
[WhiteElo "1752"]
[BlackElo "1681"]
[PlyCount "33"]
[EventDate "2007.08.23"]
[EventType "swiss"]
[EventRounds "9"]
[EventCountry "GER"]
[SourceTitle "EXT 2022"]
[Source "ChessBase"]
[SourceDate "2021.10.06"]
[SourceVersion "1"]
[SourceVersionDate "2021.10.06"]
[SourceQuality "1"]

1. e4 e5 2. Nf3 Nc6 3. Bb5 d6 4. d4 Bd7 5. 0-0 Nf6 6. Nc3 Be7 7. Re1 0-0 8. Bxc6 Bxc6 9. dxe5 dxe5 10. Qxd8 Raxd8 11. Nxe5 Bxe4 12. Nxe4 Nxe4 13. Bf4 f5 14. Nd3 Bd6 15. f3 Nf6 16. Bxd6 Rxd6 17. Re2 1/2-1/2

[Event "GER-ch Seniors Gp-A 19th"]
[Site "Templin"]
[Date "2007.08.24"]
[Round "2"]
[White "Simon, Eberhard"]
[Black "Tochtrop, Lothar"]
[Result "0-1"]
[WhiteElo "1752"]
[BlackElo "1872"]
[PlyCount "86"]
[EventDate "2007.08.23"]
[EventType "swiss"]
[EventRounds "9"]
[EventCountry "GER"]
[SourceTitle "EXT 2022"]
[Source "ChessBase"]
[SourceDate "2021.10.06"]
[SourceVersion "1"]
[SourceVersionDate "2021.10.06"]
[SourceQuality "1"]

1. e4 c5 2. Nc3 Nc6 3. f4 e6 4. Nf3 d6 5. Bc4 Be7 6. 0-0 Bf6 7. d3 Nge7 8. Qe1 Bd4+ 9. Kh1 0-0 10. Qg3 f5 11. e5 d5 12. Bb3 a6 13. a4 Bxc3 14. bxc3 Bd7 15. Ba3 b6 16. Bb2 Na5 17. Rae1 Qe8 18. Ra1 c4 19. dxc4 dxc4 20. Ba2 Bxa4 21. Ng5 Bd7 22. Ba3 h6 23. Nf3 Rf7 24. Nd4 b5 25. Qh3 Nac6 26. Rf3 Nxd4 27. cxd4 Nd5 28. c3 Bc6 29. Rg3 Kh7 30. Rf1 Rb7 31. Bc5 a5 32. Rg5 Nxc3 33. Qxc3 hxg5 34. Qh3+ Kg8 35. fxg5 g6 36. Rf4 Rh7 37. Qg3 Bd5 38. Bd6 b4 39. Bb1 b3 40. Qc3 Qc6 41. Rf2 Rh5 42. Be7 Ra7 43. Bc5 Rah7 0-1

[Event "GER-ch Seniors Gp-A 19th"]
[Site "Templin"]
[Date "2007.08.23"]
[Round "1"]
[White "Delander, Adolf"]
[Black "Simon, Eberhard"]
[Result "1-0"]
[WhiteElo "1896"]
[BlackElo "1752"]
[PlyCount "65"]
[EventDate "2007.08.23"]
[EventType "swiss"]
[EventRounds "9"]
[EventCountry "GER"]
[SourceTitle "EXT 2022"]
[Source "ChessBase"]
[SourceDate "2021.10.06"]
[SourceVersion "1"]
[SourceVersionDate "2021.10.06"]
[SourceQuality "1"]

1. d4 Nf6 2. Nd2 d5 3. c4 c6 4. Ngf3 e6 5. e3 Bd6 6. Bd3 0-0 7. 0-0 Nbd7 8. e4 dxe4 9. Nxe4 Nxe4 10. Bxe4 Nf6 11. Bc2 Qc7 12. Bg5 Ng4 13. h3 Nh2 14. c5 Nxf3+ 15. Qxf3 Be7 16. Bf4 Qd8 17. Rfd1 f5 18. Bb3 Bg5 19. Bd6 Re8 20. Qxf5 Kh8 21. Qe4 Be7 22. Be5 Bf6 23. Bc2 g6 24. Bb3 Kg7 25. Rd3 a5 26. Rf3 Rf8 27. Bd6 Be7 28. Be5+ Bf6 29. Re1 a4 30. Bc4 Bd7 31. Ree3 Rf7 32. Rxf6 Rxf6 33. Rf3 1-0

[Event "Hessen-ch Seniors op 03rd"]
[Site "Bad Sooden-Allendorf"]
[Date "2007.05.06"]
[Round "9"]
[White "Schmieder, Wolfgang Ernst"]
[Black "Simon, Eberhard"]
[Result "1/2-1/2"]
[WhiteElo "1679"]
[BlackElo "1732"]
[PlyCount "29"]
[EventDate "2007.04.27"]
[EventType "swiss"]
[EventRounds "9"]
[EventCountry "GER"]
[SourceTitle "EXT 2022"]
[Source "ChessBase"]
[SourceDate "2021.10.06"]
[SourceVersion "1"]
[SourceVersionDate "2021.10.06"]
[SourceQuality "1"]

1. c4 Nf6 2. Nc3 e5 3. d3 d5 4. cxd5 Nxd5 5. Nf3 Nc6 6. a3 Be7 7. Qc2 0-0 8. g3 Re8 9. Bg2 Nb6 10. 0-0 Be6 11. b4 Nd4 12. Nxd4 exd4 13. Na4 Nxa4 14. Qxa4 Bd5 15. Bxd5 1/2-1/2

[Event "Hessen-ch Seniors op 02nd"]
[Site "Bad Sooden-Allendorf"]
[Date "2006.04.25"]
[Round "1"]
[White "Reichel, Horst"]
[Black "Simon, Eberhard"]
[Result "0-1"]
[WhiteElo "1365"]
[BlackElo "1747"]
[PlyCount "36"]
[EventDate "2006.04.25"]
[EventType "swiss"]
[EventRounds "9"]
[EventCountry "GER"]
[SourceTitle "EXT 2007"]
[Source "ChessBase"]
[SourceDate "2006.11.23"]
[SourceVersion "1"]
[SourceVersionDate "2006.11.23"]
[SourceQuality "1"]

1. c4 Nf6 2. Nc3 e5 3. g3 c6 4. Bg2 d5 5. cxd5 cxd5 6. e3 Nc6 7. Nge2 Be7 8. 0-0 0-0 9. a3 d4 10. exd4 exd4 11. Ne4 d3 12. N2c3 Nd4 13. b4 Be6 14. Bb2 Bb3 15. Nxf6+ Bxf6 16. Qg4 Bc2 17. Kh1 Nb3 18. Rae1 Nxd2 0-1

[Event "Brandenburg-ch Seniors 22nd"]
[Site "Berlin"]
[Date "2006.02.22"]
[Round "3"]
[White "Simon, Eberhard"]
[Black "Badestein, Hartmut"]
[Result "0-1"]
[WhiteElo "1740"]
[BlackElo "2115"]
[PlyCount "58"]
[EventDate "2006.02.20"]
[EventType "swiss"]
[EventRounds "9"]
[EventCountry "GER"]
[SourceTitle "EXT 2007"]
[Source "ChessBase"]
[SourceDate "2006.11.23"]
[SourceVersion "1"]
[SourceVersionDate "2006.11.23"]
[SourceQuality "1"]

1. e4 c5 2. Nc3 Nc6 3. f4 g6 4. Nf3 Bg7 5. Bc4 e6 6. 0-0 Nge7 7. f5 0-0 8. Qe1 d5 9. Bb5 exf5 10. d3 Nd4 11. Nxd4 cxd4 12. Nxd5 Nxd5 13. exd5 Qxd5 14. Bc4 Qc6 15. Bf4 Be6 16. Bxe6 Qxe6 17. Qf2 Rfe8 18. Rfe1 Qc6 19. Rxe8+ Rxe8 20. Re1 Re6 21. Bb8 a6 22. Qg3 Qxc2 23. Bf4 Rxe1+ 24. Qxe1 Qc6 25. Qe7 h6 26. Qd8+ Kh7 27. Qe7 Qe6 28. Qh4 Qxa2 29. Bc1 Qb1 0-1

[Event "Sachsen-ch Seniors 13th"]
[Site "Dresden"]
[Date "2004.07.22"]
[Round "9"]
[White "Siegmund, Rainer"]
[Black "Simon, Eberhard"]
[Result "1-0"]
[WhiteElo "2076"]
[BlackElo "2059"]
[PlyCount "93"]
[EventDate "2004.07.15"]
[EventType "swiss"]
[EventRounds "9"]
[EventCountry "GER"]
[SourceTitle "EXT 2006"]
[Source "ChessBase"]
[SourceDate "2005.11.24"]
[SourceVersion "1"]
[SourceVersionDate "2005.11.24"]
[SourceQuality "1"]

1. d4 Nf6 2. c4 e5 3. dxe5 Ng4 4. Bf4 Nc6 5. Nf3 Bb4+ 6. Nbd2 Qe7 7. e3 Ngxe5 8. Nxe5 Nxe5 9. Be2 d6 10. 0-0 Bxd2 11. Qxd2 0-0 12. Qc3 b6 13. c5 Ng6 14. cxd6 cxd6 15. Bg3 Bb7 16. Qa3 Rfd8 17. Rfd1 d5 18. Qxe7 Nxe7 19. Bf3 Rac8 20. Rd2 Kf8 21. Rad1 Ke8 22. Be5 f6 23. Bc3 Rc7 24. h3 Rcd7 25. Bh5+ g6 26. Be2 f5 27. Bf6 Kf7 28. Bc3 Ke6 29. a3 Bc6 30. Rd4 Bb7 31. f3 Bc6 32. Be1 Nc8 33. Bh4 Ne7 34. g4 Bb7 35. Bb5 Rc7 36. e4 fxe4 37. fxe4 Rc2 38. R4d2 Rc5 39. Bf1 Re8 40. exd5+ Nxd5 41. Bg2 Rec8 42. b4 Rb5 43. Bf1 Nc3 44. Rd6+ Kf7 45. Bxb5 Nxd1 46. Rd7+ Ke6 47. Rxb7 1-0

[Event "Lipperland Seniors op 2nd"]
[Site "Doerentrup"]
[Date "2003.06.02"]
[Round "5.10"]
[White "Simon, Eberhard"]
[Black "Rodemann, Edmund"]
[Result "1/2-1/2"]
[WhiteElo "1820"]
[BlackElo "1820"]
[PlyCount "39"]
[EventDate "2003.05.30"]
[EventType "swiss"]
[EventRounds "9"]
[EventCountry "GER"]
[SourceTitle "EXT 2004"]
[Source "ChessBase"]
[SourceDate "2003.11.25"]
[SourceVersion "1"]
[SourceVersionDate "2003.11.25"]
[SourceQuality "1"]

1. e4 c6 2. d4 d5 3. e5 Bf5 4. Nc3 e6 5. g4 Bg6 6. Nge2 f6 7. Nf4 fxe5 8. Nxg6 hxg6 9. dxe5 Nd7 10. Bf4 Bb4 11. Bd3 Ne7 12. a3 Ba5 13. b4 Bb6 14. Ne2 Qc7 15. c4 dxc4 16. Bxc4 Nd5 17. Bxd5 cxd5 18. Rc1 Qd8 19. Qd2 0-0 20. Nd4 1/2-1/2

[Event "Lipperland Seniors op 2nd"]
[Site "Doerentrup"]
[Date "2003.06.01"]
[Round "4.12"]
[White "Luebbers, Doris"]
[Black "Simon, Eberhard"]
[Result "1/2-1/2"]
[WhiteElo "1274"]
[BlackElo "1820"]
[PlyCount "43"]
[EventDate "2003.05.30"]
[EventType "swiss"]
[EventRounds "9"]
[EventCountry "GER"]
[SourceTitle "EXT 2004"]
[Source "ChessBase"]
[SourceDate "2003.11.25"]
[SourceVersion "1"]
[SourceVersionDate "2003.11.25"]
[SourceQuality "1"]

1. d4 Nf6 2. c4 e5 3. dxe5 Ng4 4. Nf3 Nc6 5. Bg5 Be7 6. Bxe7 Qxe7 7. e3 Ncxe5 8. Nbd2 d6 9. Be2 0-0 10. Nxe5 Nxe5 11. Nf3 Bg4 12. Nxe5 Bxe2 13. Qxe2 Qxe5 14. 0-0 Rfe8 15. Rad1 Qe4 16. Rd5 Re5 17. Rxe5 Qxe5 18. Rd1 Re8 19. Rd5 Qe4 20. Qd3 Re5 21. Qxe4 Rxe4 22. Rd4 1/2-1/2

[Event "Lipperland Seniors op 2nd"]
[Site "Doerentrup"]
[Date "2003.05.30"]
[Round "1.2"]
[White "Simon, Eberhard"]
[Black "Heslenfeld, Peter Hermann"]
[Result "0-1"]
[WhiteElo "1820"]
[BlackElo "2114"]
[PlyCount "74"]
[EventDate "2003.05.30"]
[EventType "swiss"]
[EventRounds "9"]
[EventCountry "GER"]
[SourceTitle "EXT 2004"]
[Source "ChessBase"]
[SourceDate "2003.11.25"]
[SourceVersion "1"]
[SourceVersionDate "2003.11.25"]
[SourceQuality "1"]

1. e4 d5 2. exd5 Qxd5 3. Nc3 Qa5 4. d4 c6 5. Bc4 Bf5 6. Bd2 e6 7. Nge2 Nd7 8. Nd5 Qd8 9. Ne3 Bg6 10. Nf4 Bd6 11. Nxg6 hxg6 12. Qe2 Ngf6 13. Ng4 Nxg4 14. Qxg4 Rh4 15. Qe2 Nf6 16. 0-0-0 Qe7 17. Bg5 Bf4+ 18. Bxf4 Rxf4 19. f3 0-0-0 20. Qe3 Rh4 21. g3 Rh5 22. d5 Nxd5 23. Qxa7 Qb4 24. Bb3 Rhh8 25. h4 Nb6 26. c3 Qc5 27. Bc2 Kc7 28. Kb1 Rxd1+ 29. Rxd1 Ra8 30. b4 Qf2 31. Rd7+ Kxd7 32. Qxb7+ Kd6 33. Qxf7 Qe1+ 34. Kb2 Nc4+ 35. Kb3 Nd2+ 36. Kb2 Nc4+ 37. Kb3 Ra3+ 0-1

[Event "Wch Seniors 13th"]
[Site "Bad Zwischenahn"]
[Date "2003.??.??"]
[Round "?"]
[White "Molez, Karl"]
[Black "Simon, Eberhard"]
[Result "1/2-1/2"]
[WhiteElo "1885"]
[BlackElo "1770"]
[PlyCount "76"]
[EventDate "2003.11.16"]
[EventType "swiss"]
[EventRounds "11"]
[EventCountry "GER"]
[SourceTitle "CBM 097 Extra"]
[Source "ChessBase"]
[SourceDate "2004.01.13"]
[SourceVersion "1"]
[SourceVersionDate "2004.01.13"]
[SourceQuality "1"]

1. d4 Nf6 2. c4 e5 3. d5 Bc5 4. e3 d6 5. Nc3 0-0 6. Nge2 Ng4 7. Ng3 f5 8. Qe2 f4 9. Nge4 fxe3 10. fxe3 Bb6 11. g3 Qe8 12. Bd2 Na6 13. h3 Qg6 14. Bg2 Nf6 15. g4 Nxg4 16. 0-0-0 Nxe3 17. Bxe3 Bxe3+ 18. Qxe3 Qxg2 19. Kb1 Rf3 20. Qc1 Bf5 21. Rdg1 Rxc3 22. bxc3 Qxe4+ 23. Ka1 g6 24. Rg5 Qc2 25. Qe1 Qe4 26. Qc1 Qf4 27. Qg1 Qxc4 28. Rg3 Nc5 29. Rh2 Ne4 30. Rf3 Rf8 31. h4 Nxc3 32. Qc1 Bd3 33. Rxf8+ Kxf8 34. Rf2+ Kg7 35. Qg5 Qxd5 36. Qf6+ Kh6 37. Qg5+ Kg7 38. Qf6+ Kh6 1/2-1/2

[Event "Wch Seniors 13th"]
[Site "Bad Zwischenahn"]
[Date "2003.??.??"]
[Round "?"]
[White "Simon, Eberhard"]
[Black "Brandt, Fred"]
[Result "1/2-1/2"]
[WhiteElo "1770"]
[BlackElo "1640"]
[PlyCount "92"]
[EventDate "2003.11.16"]
[EventType "swiss"]
[EventRounds "11"]
[EventCountry "GER"]
[SourceTitle "CBM 097 Extra"]
[Source "ChessBase"]
[SourceDate "2004.01.13"]
[SourceVersion "1"]
[SourceVersionDate "2004.01.13"]
[SourceQuality "1"]

1. e4 e5 2. Nf3 Nf6 3. Nxe5 d6 4. Nxf7 Kxf7 5. d4 Qe7 6. Nc3 g6 7. Bd3 Nc6 8. Bc4+ Kg7 9. 0-0 Be6 10. Bxe6 Qxe6 11. d5 Qd7 12. dxc6 Qxc6 13. Nd5 Nxd5 14. exd5 Qd7 15. Qd4+ Kg8 16. Re1 Bg7 17. Qe4 Bf6 18. c3 Kg7 19. Qf4 Rhf8 20. Be3 Be5 21. Qh4 Rf5 22. Bd4 Re8 23. Re3 Qf7 24. c4 Rf8 25. f3 Rf4 26. Bxe5+ dxe5 27. Qe1 Rxc4 28. Rxe5 Kg8 29. Rd1 Qf6 30. Qe2 Rc2 31. Qxc2 Qxe5 32. Qc3 Qd6 33. Qe3 Rf7 34. Qe8+ Kg7 35. Qe4 Re7 36. Qd4+ Kf7 37. Qh8 Qc5+ 38. Kh1 Qc2 39. Qxh7+ Ke8 40. Qh8+ Kd7 41. Qd4 Re2 42. Qg4+ Kd8 43. Qg5+ Kd7 44. Qg4+ Kd8 45. Qh4+ Kd7 46. Qg4+ Kd8 1/2-1/2

[Event "Wch Seniors 13th"]
[Site "Bad Zwischenahn"]
[Date "2003.??.??"]
[Round "?"]
[White "Simon, Eberhard"]
[Black "Gohlke, Karl Heinz"]
[Result "1/2-1/2"]
[WhiteElo "1770"]
[BlackElo "1880"]
[PlyCount "43"]
[EventDate "2003.11.16"]
[EventType "swiss"]
[EventRounds "11"]
[EventCountry "GER"]
[SourceTitle "CBM 097 Extra"]
[Source "ChessBase"]
[SourceDate "2004.01.13"]
[SourceVersion "1"]
[SourceVersionDate "2004.01.13"]
[SourceQuality "1"]

1. e4 c5 2. Nc3 Nc6 3. f4 d6 4. Nf3 g6 5. Bc4 e6 6. f5 exf5 7. d3 h6 8. 0-0 Nge7 9. Qe1 Bg7 10. Kh1 Ne5 11. Nxe5 Bxe5 12. Bf4 Bxf4 13. Rxf4 0-0 14. Nd5 Nxd5 15. Bxd5 g5 16. Qg3 Kh7 17. Rf2 f4 18. Qf3 Qf6 19. c3 Qe5 20. Qh5 Be6 21. Bxb7 Rab8 22. Bd5 1/2-1/2

[Event "Wch Seniors 13th"]
[Site "Bad Zwischenahn"]
[Date "2003.??.??"]
[Round "?"]
[White "Wolffram, Gert"]
[Black "Simon, Eberhard"]
[Result "0-1"]
[WhiteElo "1790"]
[BlackElo "1770"]
[PlyCount "66"]
[EventDate "2003.11.16"]
[EventType "swiss"]
[EventRounds "11"]
[EventCountry "GER"]
[SourceTitle "CBM 097 Extra"]
[Source "ChessBase"]
[SourceDate "2004.01.13"]
[SourceVersion "1"]
[SourceVersionDate "2004.01.13"]
[SourceQuality "1"]

1. d4 Nf6 2. Nf3 e6 3. e3 d5 4. Bd3 Be7 5. 0-0 0-0 6. Nbd2 b6 7. b3 c5 8. Bb2 Nc6 9. c3 Bb7 10. e4 dxe4 11. Nxe4 cxd4 12. cxd4 Nb4 13. Nxf6+ Bxf6 14. Bc4 Nd5 15. Qd2 a6 16. a4 Ne7 17. Rad1 Bxf3 18. gxf3 Ng6 19. f4 Qc7 20. Bc1 Rfd8 21. Qe3 Qb7 22. f3 Nh4 23. Bb2 b5 24. Bd3 Qb6 25. Be4 Ra7 26. Qd3 bxa4 27. Bxh7+ Kh8 28. Be4 axb3 29. Rf2 a5 30. Rfd2 a4 31. Ba3 Rxd4 32. Qe3 Rxd2 33. Qxb6 Rxd1+ 0-1